Hra o baronu, který se stal vládcem /

Hlavní autor: Moštěk, Jan, 1923-2001
Jazyk: Čeština
Vydáno: Nová Říše na Moravě : Dobrý důvod, 2021
Vydání: V Dobrém důvodu vydání první
Edice: Moštěk, Jan, 1923-2001. Sebrané spisy
Témata:
Fyzický popis: 46 stran ; 15 cm
Knihy
Uloženo v:
LEADER 01728nam a2200481 i 4500
001 nkc20213313848
003 CZ PrNK
005 20210701134522.0
007 ta
008 210324s2021 xr g 000 d cze
015 |a cnb003313848 
020 |a 978-80-907835-6-0  |q (brožováno) 
035 |a (OCoLC)1263281320 
040 |a OLA001  |b cze  |e rda 
045 |a x-x- 
072 7 |a 821.162.3-2  |x České drama  |2 Konspekt  |9 25 
080 |a 821.162.3-2  |2 MRF 
080 |a (0:82-2)  |2 MRF 
080 |a (081.1)  |2 MRF 
100 1 |a Moštěk, Jan,  |d 1923-2001  |7 jo20010086966  |4 aut 
245 1 0 |a Hra o baronu, který se stal vládcem /  |c Jan Moštěk 
250 |a V Dobrém důvodu vydání první 
264 1 |a Nová Říše na Moravě :  |b Dobrý důvod,  |c 2021 
300 |a 46 stran ;  |c 15 cm 
336 |a text  |b txt  |2 rdacontent 
337 |a bez média  |b n  |2 rdamedia 
338 |a svazek  |b nc  |2 rdacarrier 
490 1 |a Sebrané spisy Jana Moštěka ;  |v II 
600 1 7 |a Moštěk, Jan,  |d 1923-2001  |7 jo20010086966  |2 czenas 
648 7 |a 20. století  |7 ch460558  |2 czenas 
650 0 7 |a české drama  |7 ph128137  |y 20. století  |2 czenas 
650 0 9 |a Czech drama  |y 20th century  |2 eczenas 
655 7 |a česká dramata  |7 fd133957  |2 czenas 
655 7 |a sebrané spisy  |7 fd133355  |2 czenas 
655 9 |a Czech drama  |2 eczenas 
655 9 |a collected works  |2 eczenas 
800 1 |a Moštěk, Jan,  |d 1923-2001.  |t Sebrané spisy  |0 s 
910 2 |a BOA001  |b S-1468.228 
990 |a BK 
995 |a 01 
991 |b 202106  |c NOV 
996 6 |b 2610866962  |c S-1468.228  |l MZK  |r Sklad / do 24 hodin  |n 0  |p p.v.  |w 001853563  |u 000010  |a 1  |e BOA001  |j MZK50  |s P 
996 7 |b 2610866963  |c S-1468.228  |l MZK  |r Sklad / do 24 hodin  |n 1  |p p.v.  |w 001853563  |u 000020  |a 1  |e BOA001  |j MZK50  |s A